[Event "Toronto NAYCC U08"]
[Site "Toronto"]
[Date "2013.08.18"]
[Round "9"]
[White "Sun, Frank"]
[Black "Mills, Torin"]
[Result "1/2-1/2"]
[WhiteElo "1097"]
[BlackElo "626"]
[PlyCount "43"]
[EventDate "2013.08.14"]
[EventType "swiss"]
[EventRounds "9"]
[EventCountry "CAN"]
[SourceTitle "EXT 2022"]
[Source "ChessBase"]
[SourceDate "2021.10.06"]
[SourceVersion "1"]
[SourceVersionDate "2021.10.06"]
[SourceQuality "1"]

1. e4 Nc6 2. Nf3 e5 3. Bc4 Bc5 4. b4 Bxb4 5. c3 Bc5 6. d4 Bb6 7. d5 Na5 8. Nxe5 Nxc4 9. Nxc4 d6 10. Bf4 Nf6 11. Nbd2 0-0 12. 0-0 Bd7 13. Nxb6 cxb6 14. Bxd6 Re8 15. Re1 Qc8 16. h3 Bxh3 17. gxh3 Qxh3 18. Re3 Qd7 19. Bb4 a5 20. Ba3 Qc7 21. Rb1 Ra6 22. Rb5 1/2-1/2

[Event "Toronto NAYCC U08"]
[Site "Toronto"]
[Date "2013.08.17"]
[Round "6"]
[White "Mills, Torin"]
[Black "Kang, Dorian"]
[Result "1/2-1/2"]
[WhiteElo "626"]
[BlackElo "1008"]
[PlyCount "110"]
[EventDate "2013.08.14"]
[EventType "swiss"]
[EventRounds "9"]
[EventCountry "CAN"]
[SourceTitle "EXT 2022"]
[Source "ChessBase"]
[SourceDate "2021.10.06"]
[SourceVersion "1"]
[SourceVersionDate "2021.10.06"]
[SourceQuality "1"]

1. d4 d5 2. Nc3 Nf6 3. Bf4 a6 4. e3 Bf5 5. Nf3 Nc6 6. Bd3 e6 7. 0-0 Bd6 8. Bg3 0-0 9. Qd2 Qd7 10. Rfe1 Rfe8 11. Rad1 Rad8 12. Ne5 Qe7 13. Nxc6 bxc6 14. Be5 Ne4 15. Nxe4 dxe4 16. Bxa6 Ra8 17. Bxd6 Qxd6 18. Bc4 Bg4 19. Rc1 e5 20. Be2 Bxe2 21. Qxe2 exd4 22. Rcd1 Rxa2 23. Rxd4 Qf6 24. Red1 Rxb2 25. Qc4 Rbb8 26. Rd7 Rbc8 27. h3 h6 28. R7d4 Qg6 29. f3 exf3 30. Rg4 Qe6 31. Qc3 Qxe3+ 32. Qxe3 Rxe3 33. Rg3 f2+ 34. Kxf2 Rxg3 35. Kxg3 Kh7 36. c4 Kg6 37. Kg4 f6 38. Rd7 h5+ 39. Kh4 Kh6 40. g4 g5+ 41. Kg3 h4+ 42. Kf3 Rf8 43. Rxc7 f5 44. Rxc6+ Kg7 45. Rc7+ Kg6 46. Rc6+ Rf6 47. Rxf6+ Kxf6 48. c5 fxg4+ 49. Kxg4 Ke5 50. Kxg5 Kd5 51. Kxh4 Kxc5 52. Kg4 Kd5 53. h4 Ke6 54. Kg5 Kf7 55. Kh6 Kg8 1/2-1/2

[Event "Toronto NAYCC U08"]
[Site "Toronto"]
[Date "2013.08.14"]
[Round "1"]
[White "Xu, Bernie"]
[Black "Mills, Torin"]
[Result "1-0"]
[WhiteElo "1123"]
[BlackElo "626"]
[PlyCount "47"]
[EventDate "2013.08.14"]
[EventType "swiss"]
[EventRounds "9"]
[EventCountry "CAN"]
[SourceTitle "EXT 2022"]
[Source "ChessBase"]
[SourceDate "2021.10.06"]
[SourceVersion "1"]
[SourceVersionDate "2021.10.06"]
[SourceQuality "1"]

1. d4 Nf6 2. c4 d5 3. cxd5 Nxd5 4. e4 Nf6 5. Bd3 Nc6 6. d5 Nd4 7. Nf3 Nxf3+ 8. Qxf3 Bg4 9. Qe3 e5 10. 0-0 Bd6 11. Bb5+ Bd7 12. Bxd7+ Qxd7 13. Nc3 Qe7 14. Qg5 0-0 15. f4 exf4 16. Bxf4 Bxf4 17. Qxf4 Rac8 18. Nb5 c6 19. Nd6 Rcd8 20. Nf5 Qc5+ 21. Kh1 Qb4 22. Qg5 g6 23. Nh6+ Kh8 24. Qxf6# 1-0